Phong trào đấu tranh của học sinh, sinh viên Quảng Nam - Đà Nẵng giai đoạn 1969-1975

Khái quát phong trào học sinh, sinh viên Quảng Nam - Đà Nẵng trước năm 1969. Khái quát phong trào học sinh, sinh viên Quảng Nam - Đà Nẵng trong giai đoạn 1969-1975 Quảng Nam - Đà Nẵng.

Guardat en:
Dades bibliogràfiques
Autor principal: Lê Thị Ngọc Dung
Altres autors: Nguyễn Duy Phương (Hướng dẫn)
Format: Llibre
Publicat: Đà Nẵng Đại học Sư phạm, Đại học Đà Nẵng 2012
Matèries:
Etiquetes: Afegir etiqueta
Sense etiquetes, Sigues el primer a etiquetar aquest registre!
Thư viện lưu trữ: Mạng thư viện Đại học Đà Nẵng
LEADER 01859nam a2200337 4500
001 000017178
003 13590
005 20130318090317.0
008 130318s2012 sd
082 |a 959.704332  |b LÊ-D 
100 1 |a Lê Thị Ngọc Dung 
245 |a Phong trào đấu tranh của học sinh, sinh viên Quảng Nam - Đà Nẵng giai đoạn 1969-1975  |c Lê Thị Ngọc Dung ; Nguyễn Duy Phương hướng dẫn  |k Khóa luận tốt nghiệp 
260 |a Đà Nẵng  |b Đại học Sư phạm, Đại học Đà Nẵng  |c 2012 
300 |a 68 tr., phụ lục 14 tr.  |b Hình mh.  |c 29 cm.  |e Đĩa CD, tài liệu tóm tắt 
500 |a Khóa luận tốt nghiệp đại học. Chuyên ngành: Sư phạm Lịch sử 
504 |a Mục lục đầu trang, tài liệu tham khảo tr. 73 - 74, phụ lục [13 tr.] 
520 |a Khái quát phong trào học sinh, sinh viên Quảng Nam - Đà Nẵng trước năm 1969. Khái quát phong trào học sinh, sinh viên Quảng Nam - Đà Nẵng trong giai đoạn 1969-1975 Quảng Nam - Đà Nẵng. 
600 1 4 |b Vua  |c Đinh Tiên Hoàng 
650 0 4 |a Phong trào học sinh, sinh viên  |v Khóa luận tốt nghiệp  |x Nghiên cứu  |y 1969-1975  |z Quảng Nam - Đà Nẵng 
653 |a Quảng Nam - Đà Nẵng  |a Phong trào học sinh, sinh viên 
700 |a Nguyễn Duy Phương  |e Hướng dẫn 
OWN |a LSP 
AVA |a UDN50  |b LSP  |d 959.704332 LÊ-D  |e available  |t Error 5001 Not defined in file expand_doc_bib_avail.  |f 1  |g 0  |h N  |i 0  |k 1 
999 |a From the UDN01 
AVA |a UDN50  |b LSP  |d 959.704332 LÊ-D  |e available  |t Error 5001 Not defined in file expand_doc_bib_avail.  |f 1  |g 0  |h N  |i 0  |k 1 
TYP |a Monograph 
TYP |a Printed language 
980 |a Mạng thư viện Đại học Đà Nẵng